00279nam a22000977a 4500020001500000082003400015245005700049260001900106300001900125526003700144 a8174900586 a808.831bDHIcL-NUST-01, P-46 aAlif Laila Famous Stories from Arabian Nights Part-1 aDelhibDinghra aP71billc22cm a0b0c0d808_831000000000000_DHI